| 000 | 00583nam a2200181 i 4500 | ||
|---|---|---|---|
| 001 | 94154 | ||
| 003 | ES-MaACL | ||
| 005 | 20230906181420.0 | ||
| 007 | t| | ||
| 008 | 050628s1951 sp ||||1| spa d | ||
| 080 | _a69(075.3) | ||
| 245 | 0 | 0 |
_aApuntes de construcción / _cpor Melocabo [seud.] autorizados por el profesor de la signatura. |
| 260 |
_aMadrid : _b[s.n., _c1951?] ( _fLit. E. Nieto) |
||
| 300 |
_a248 p., 11 lám. ; _c22 cm. |
||
| 500 | _aEd. litograda. | ||
| 500 | _aPrecede al tit.: Escuela de Peritos Industriales de Madrid. | ||
| 852 |
_aES-MaACL _jD-5872 _bR.31266 |
||
| 999 |
_c94154 _d94154 |
||